Report on the Pacific Roundtables : Actions to Address Correspondent Banking and Remittances Pressure /

The paper looks at feasible concrete action that can be taken by correspondent and respondent banks, money transfer operators, the Pacific authorities, the Australian and New Zealand authorities, and international organizations.

Detalhes bibliográficos
Autor principal: Stuart, Alison
Outros Autores: Alwazir, Jihad, Liu, Yan, Roger, Scott
Formato: Periódico
Idioma:English
Publicado em: Washington, D.C. : International Monetary Fund, 2019.
Colecção:Departmental Papers; Departmental Paper ; No. 2019/006
Acesso em linha:Full text available on IMF
LEADER 01441cas a2200277 a 4500
001 AALejournalIMF019189
008 230101c9999 xx r poo 0 0eng d
020 |c 20.00 USD 
020 |z 9781498306447 
022 |a 2616-5333 
040 |a BD-DhAAL  |c BD-DhAAL 
100 1 |a Stuart, Alison. 
245 1 0 |a Report on the Pacific Roundtables :   |b Actions to Address Correspondent Banking and Remittances Pressure /  |c Alison Stuart, Jihad Alwazir, Yan Liu, Scott Roger. 
264 1 |a Washington, D.C. :  |b International Monetary Fund,  |c 2019. 
300 |a 1 online resource (32 pages) 
490 1 |a Departmental Papers 
500 |a <strong>Off-Campus Access:</strong> No User ID or Password Required 
500 |a <strong>On-Campus Access:</strong> No User ID or Password Required 
506 |a Electronic access restricted to authorized BRAC University faculty, staff and students 
520 3 |a The paper looks at feasible concrete action that can be taken by correspondent and respondent banks, money transfer operators, the Pacific authorities, the Australian and New Zealand authorities, and international organizations. 
538 |a Mode of access: Internet 
700 1 |a Alwazir, Jihad. 
700 1 |a Liu, Yan. 
700 1 |a Roger, Scott. 
830 0 |a Departmental Papers; Departmental Paper ;  |v No. 2019/006 
856 4 0 |z Full text available on IMF  |u http://elibrary.imf.org/view/journals/087/2019/006/087.2019.issue-006-en.xml  |z IMF e-Library